AFL Quiz #2 - Statistics

General Stats
  • This quiz has been taken 741 times
  • The average score is 6 of 10
Answer Stats
Hint Answer % Correct
What team won 3 consecutive flags from 2001-2003 Brisbane Lions
92%
How many premierships have Collingwood won? 15
89%
Who holds the record for most goals kicked ever? Tony Lockett
86%
Who won the 1995 premiership? Carlton
76%
Who won the 2006 Brownlow Medal? Adam Goodes
59%
Who holds the record for most games? Michael Tuck
46%
Who has won the most MVP trophys? Gary Ablett Jnr
44%
Who won the 2007 Norm Smith Medal? Steve Johnson
36%
Who was the number 1 draft pick in 2005? Marc Murphy
24%
Who won the 2004 Mark of the Year? Ashley Sampi
18%
No matching quizzes found
Score Distribution
Percent of People with Each Score
Percentile by Number Answered
Your Score History
You have not taken this quiz